| 000 | 003250000a22001090004500 | ||
|---|---|---|---|
| 090 |
_aAS _bSeriadas |
||
| 245 | 1 | 0 | _aToward a cladistic model for the caribbean subregion: delimitation of areas of endemism |
| 041 | 0 | _aInglés | |
| 100 | 1 |
_aMorrone, Juan J. _94481 |
|
| 942 | _cARTICULO | ||
| 773 | 1 |
_tCaldasia _345 _h1 _q43-76 _d2001 _g23 |
|
| 999 |
_c14726 _d14726 |
||